000 01454nam a2200385 i 4500
001 000047751
003 DO-SdBNP
005 20240912110735.0
007 ta
008 180716s2011 dr ao 000 0 spa d
020 _a9789945866698
040 _aDO-SdBNP
_bspa
_cBNPHU
_erda
082 _a709.97293
_bB174a
_222
100 _aBalcácer, Ada
_924847
245 1 0 _aAlas y raíces :
_bAda Balcácer /
_cAda Balcácer ; traducción Joselyn Caminero, Dolores Vicioso ; textos Rafael Emilio Yunén, Edward J. Sullivan, Myrna Guerrero.
246 _aCatalogo: alas y raíces :
_bAda Balcácer /
264 1 _aSantiago de los Caballeros, República Dominicana :
_bFundación Eduardo León Jimenes,
_c2011.
300 _a180 páginas
_bilustraciones, fotografías
_c32 cm.
336 _2rdacontent
_atexto
_btxt
337 _2rdamedia
_asin mediación
_bn
338 _2rdacarrier
_avolumen
_bnc
500 _aCatalogo
590 _aInventariado, 2018/ YL
600 0 _aBalcácer, Ada
_924847
650 4 _aExposiciones
_984599
650 4 _aArte dominicano
_vExposiciones
_984600
650 4 _aArtistas dominicanos
_vExposiciones
_984601
700 1 _aCaminero, Joselyn
_etraducción
_975352
700 1 _aVicioso, Dolores
_etraducción
_974661
700 1 _aYunén, Rafael Emilio
_d1952-
_etextos
_92304
700 1 _aSullivan, Edward J.
_etextos
_975353
700 1 _aGuerrero, Myrna,
_d1951-
_etextos
_959874
910 _aYLockward
942 _2ddc
_cLBS1
999 _c47239
_d47239